Тайнопись кириллицы : (Record no. 77254)
[ view plain ]
| 000 -LEADER | |
|---|---|
| fixed length control field | 00794nam a2200205 a 4500 |
| 001 - CONTROL NUMBER | |
| control field | 000220320 |
| 003 - CONTROL NUMBER IDENTIFIER | |
| control field | AM-YeHGA |
| 005 - DATE AND TIME OF LATEST TRANSACTION | |
| control field | 20250617124344.0 |
| 008 - FIXED-LENGTH DATA ELEMENTS--GENERAL INFORMATION | |
| fixed length control field | 030423s1991 ||| r ||| 0 rus d |
| 020 ## - INTERNATIONAL STANDARD BOOK NUMBER | |
| International Standard Book Number | 5207000136 |
| 040 ## - CATALOGING SOURCE | |
| Original cataloging agency | AM-YeHGA |
| 090 ## - LOCALLY ASSIGNED LC-TYPE CALL NUMBER (OCLC); LOCAL CALL NUMBER (RLIN) | |
| -- | 78495 |
| 100 1# - MAIN ENTRY--PERSONAL NAME | |
| Personal name | Зиновьев, А. |
| 245 10 - TITLE STATEMENT | |
| Title | Тайнопись кириллицы : |
| Remainder of title | Разгадка логико-мат. системы слав. азбуки / |
| Statement of responsibility, etc. | А. Зиновьев. |
| 260 ## - PUBLICATION, DISTRIBUTION, ETC. | |
| Place of publication, distribution, etc. | Владимир : |
| Name of publisher, distributor, etc. | Упрполиграфиздат, |
| Date of publication, distribution, etc. | 1991. |
| 300 ## - PHYSICAL DESCRIPTION | |
| Extent | 136 с. |
| 440 #0 - SERIES STATEMENT/ADDED ENTRY--TITLE | |
| Title | Из истории древнехристианских загадок |
| 504 ## - BIBLIOGRAPHY, ETC. NOTE | |
| Bibliography, etc. note | Библиогр. в примеч.: с. 131-134 |
| 653 0# - INDEX TERM--UNCONTROLLED | |
| Uncontrolled term | Кириллица - Математические исследования |
| Withdrawn status | Lost status | Damaged status | Not for loan | Collection | Home library | Current library | Date acquired | Total checkouts | Full call number | Barcode | Date last seen | Price effective from | Koha item type | Public note |
|---|---|---|---|---|---|---|---|---|---|---|---|---|---|---|
| General | Fundamental Scientific Library | Fundamental Scientific Library | 22/12/2016 | 003.349.3 | 120640460 | 22/12/2016 | 22/12/2016 | Գրքեր / Books | 30 Days Loan |
ՀՀ Գիտությունների ազգային ակադեմիայի հիմնարար գիտական գրադարան = Fundamental Scientific Library of NAS RA
All site content, except where otherwise noted, is licensed under a